000 00524nam a2200157 a 4500
001 000031050
005 20200930062655.0
008 110613s2009 dr a 000 0 spa d
040 _aDO-SdBNP
_bspa
_cBNPHU
082 _axxxx
_bR744
245 0 3 _aEl rol de las asociaciones de padres, madres y amigos/as de la escuela (APMAES).
260 _aSanto Domingo :
_bCentro de Solidaridad para el Desarrollo de la Mujer (CE-MUJER),
_c[2009].
300 _a20 p. :
_bil. ;
_c29 cm.
504 _aBibliografía : p.20
049 _aBNPD
999 _c30542
_d30542